| 000 | 00651nam a22002417a 4500 | ||
|---|---|---|---|
| 003 | UA-OsUOA | ||
| 001 | 125635 | ||
| 007 | ta | ||
| 008 | 20170921b un ||||| |||| 00| 0 ukr d | ||
| 100 | _aГурницький К. | ||
| 090 |
_a821.161.2 _bГ95 |
||
| 942 | _cBK | ||
| 040 |
_aUA-OsUOA _bukr _cUA-OsUOA _dUA-OsUOA |
||
| 245 |
_aНа стикові тисячоріч _bвірші та поеми |
||
| 300 | _a287 с. | ||
| 955 | _a3 | ||
| 041 | _aukr | ||
| 080 | _a821.161.2 | ||
| 020 | _a966-7242-00-5 | ||
| 260 |
_aУжгород _c1997 |
||
| 650 | 7 |
_a82 Література. Літературознавство _2UDC |
|
| 999 |
_c412864 _d412864 |
||